Personnes avec qui McFly et Carlito ont fait un concours d'anecdotes - Statistiques

Statistiques générales
  • Ce quiz a été pris 239 fois
  • Le résultat moyen est 9 sur 17
Statistiques - réponses
Participants aux concours d'anecdotes % Correct
Emmanuel Macron
86%
Eric
84%
Ramzy
82%
BigFlo
67%
Oli
67%
Michael Youn
52%
Gilles Lellouche
51%
Thomas Pesquet
50%
David Guetta
48%
Guillaume Canet
48%
Philippe Lacheau
46%
Gael
44%
Bapt
42%
Tarek Boudali
41%
Monsieur Poulpe
38%
Vincent Desagnat
33%
Davy
23%
Aucun quiz correspondant
Distribution des résultats
% des personnes avec chaque résultat
Percentile par nombre de réponses
Votre historique - résultats
Vous n’avez pas pris ce quiz